00703nam a2200181Ia 4500008004100000020001800041041000800059082001800067100002200085245009100107260001600198300000800214365001700222700003300239906005400272999001900326952017600345230718s9999 xx 000 0 und d a9781783987467 aeng a005.13'3bMIL aMiller P.9194560 aPython Digital Forensics CookbookbEffective Python Recipes For Digital Investigations c2017bPackt a391 cRs.b1199.00 aMiller P. & Bryce C.9201003 dO:0604018-Aug-2018B:IN27325-Jul-2018cCOMPb239.8 c348162d348162 00104070aCCEPbCCEPd2018-08-18ePradeep Book DistributorsfCOMPg959.20iIN273l0o005.13'3pCCEP-BK-59369r2023-07-18 00:00:00t239.8v1199.00w2018-07-25yBKz059369